000
00305nam a2200121Ia 4500
008
240624s9999 xx 000 0 und d
041
_a
eng
082
_a
658 PI
100
_a
PITRODA SAM
245
_a
MARCH OF MOBILE MONEY THE FUTURE OF LIFE
260
_c
2008
_a
Noida
_b
Collin Business
365
_c
RS
_b
20
999
_c
15786
_d
15786